BIOCHEMISTRY (Record no. 4504)
[ view plain ]
| 000 -LEADER | |
|---|---|
| fixed length control field | 00355nam a2200145Ia 4500 |
| 008 - FIXED-LENGTH DATA ELEMENTS--GENERAL INFORMATION | |
| fixed length control field | 150201s2006 xx 000 0 und d |
| 082 ## - DEWEY DECIMAL CLASSIFICATION NUMBER | |
| Classification number | 612.015 |
| Item number | B2006U |
| 100 ## - MAIN ENTRY--PERSONAL NAME | |
| Personal name | SATYANARYANA,U. |
| 245 ## - TITLE STATEMENT | |
| Title | BIOCHEMISTRY |
| 250 ## - EDITION STATEMENT | |
| Edition statement | 3RD |
| 260 ## - PUBLICATION, DISTRIBUTION, ETC. (IMPRINT) | |
| Name of publisher, distributor, etc. | BOOKS & ALLIED PUBLICATION |
| Place of publication, distribution, etc. | KOLKATA |
| Date of publication, distribution, etc. | 2006 |
| 300 ## - PHYSICAL DESCRIPTION | |
| Extent | 1-792 |
| 650 ## - SUBJECT ADDED ENTRY--TOPICAL TERM | |
| Topical term or geographic name as entry element | BIOCHEMISTRY |
| 942 ## - ADDED ENTRY ELEMENTS (KOHA) | |
| Source of classification or shelving scheme | Dewey Decimal Classification |
| Koha item type | Books |
| Koha issues (borrowed), all copies | 7 |
| Withdrawn status | Lost status | Source of classification or shelving scheme | Damaged status | Not for loan | Home library | Current library | Date acquired | Source of acquisition | Cost, normal purchase price | Serial Enumeration / chronology | SGTU | Bill Number | Total Checkouts | Full call number | Barcode | Date last seen | Bill Date | Koha item type | Date last checked out | Total Renewals |
|---|---|---|---|---|---|---|---|---|---|---|---|---|---|---|---|---|---|---|---|---|
| Dewey Decimal Classification | SGT Dental Library | SGT Dental Library | 29/10/2010 | U.B.S.DELHI | 715.00 | 1 | SGTU | 620 | 612.015 B2006U | FD6119 | 09/01/2016 | 29/03/2013 | Books | |||||||
| Dewey Decimal Classification | SGT Dental Library | SGT Dental Library | 29/10/2010 | U.B.S.DELHI | 715.00 | 1 | SGTU | 620 | 11 | 612.015 B2006U | FD6120 | 22/06/2018 | 29/03/2013 | Books | 20/06/2018 | |||||
| Dewey Decimal Classification | SGT Dental Library | SGT Dental Library | 29/10/2010 | U.B.S.DELHI | 715.00 | 1 | SGTU | 620 | 21 | 612.015 B2006U | FD6121 | 03/01/2022 | 29/03/2013 | Books | 04/02/2020 | 1 | ||||
| Dewey Decimal Classification | SGT Dental Library | SGT Dental Library | 29/10/2010 | U.B.S.DELHI | 715.00 | 1 | SGTU | 620 | 28 | 612.015 B2006U | FD6122 | 05/02/2020 | 29/03/2013 | Books | 03/02/2020 | |||||
| Dewey Decimal Classification | SGT Dental Library | SGT Dental Library | 29/10/2010 | U.B.S.DELHI | 715.00 | 1 | SGTU | 620 | 25 | 612.015 B2006U | FD6123 | 22/08/2024 | 29/03/2013 | Books | 14/08/2024 |